190 - Né(es) un 9 juillet. - Statistiques

Statistiques générales
  • Ce quiz a été pris 10 fois
  • Le résultat moyen est 6 sur 16
Statistiques - réponses
Hint Année de naissance Réponse % Correct
Chanteur français connu pour son titre "Le Zizi". 1934 Pierre Perret
100%
Industriel français dont une boisson anisée et un circuit portent son nom. 1909 Paul Ricard
88%
Acteur américain connu pour ses rôles dans "Forrest Gump", "Seul au monde", "Il faut sauver le soldat Ryan". 1956 Tom Hanks
75%
Écrivaine belge lauréate du prix Renaudot pour son livre "Premier Sang" qui se fit connaître avec son premier roman, "Hygiène de l'assassin". 1966 Fabienne Claire Nothomb|Amélie Nothomb
63%
Roi du Maroc entre 26 février 1961 et le 23 juillet 1999. 1929 Hassan II
63%
Joueur de football américain devenu acteur ("La Tour infernale") accusé d'avoir assassiné son ancienne épouse Nicole Brown, 1947 Orenthal James Simpson|O. J. Simpson
63%
Écrivaine britannique spécialisée dans les romans d'amour et belle-mère de Diana Spencer, future Lady Diana. 1901 Mary Barbara Hamilton Cartland|Barbara Cartland
50%
Actrice américaine qui s'est faite connaître en jouant le rôle de Charlotte Blackwood, alias "Charlie", dans "Top Gun". 1957 Kelly McGillis
25%
Premier ministre du Royaume-Uni entre 1970 et 1974. 1916 Sir Edward Richard George Heath|Edward Heath
25%
Acteur américain connu pour avoir joué le rôle du shérif Will Teasle dans le premier "Rambo". 1938 Brian Dennehy
13%
Chanteuse américaine du groupe Hole. Elle fut la compagne de Kurt Cobain. 1970 Courtney Michelle Love Cobain|Courtney Love|Love Michelle Harrison
13%
Artiste britannique connu pour "A Bigger Splash" et "The Arrival of Spring in Woldgate". 1937 David Hockney
13%
Homme politique français longtemps maire de Montpellier (25 mars 1977 à 22 avril 2004). 1938 Georges Frêche
13%
Acteur français surtout connu pour une scène l'opposant à Pierre Richard à "Michel Fortin sur le parking d'un aéroport. 1937 Michel Fortin
13%
Président néerlandais de la Banque Centrale Européenne (1er juin 1998 au 1er novembre 2003. 1935 Willem Frederik Duisenberg|Wim Duisenberg
13%
Acteur américain notamment vu dans la franchise "Jason Bourne" dans laquelle il joue le rôle d'Alexander Conklin. Lauréat d'un Oscar et un Golden Globe pour son rôle dans le film "Adaptation". 1951 Christopher W. Cooper|Chris Cooper
0%
Aucun quiz correspondant
Distribution des résultats
% des personnes avec chaque résultat
Percentile par nombre de réponses
Votre historique - résultats
Vous n’avez pas pris ce quiz